Normal view
MARC view
Entry Geographic Name
001 - CONTROL NUMBER
- control field: 48442
003 - CONTROL NUMBER IDENTIFIER
- control field: ARRUPE
005 - DATE AND TIME OF LATEST TRANSACTION
- control field: 20191017111137.0
008 - FIXED-LENGTH DATA ELEMENTS
- fixed length control field: 191017|| aca||aabn | a|a d
040 ## - CATALOGING SOURCE
- Original cataloging agency: ARRUPE
- Transcribing agency: ARRUPE
151 ## - HEADING--GEOGRAPHIC NAME
- Geographic name: Pageland (S.C.)
- General subdivision: Social conditions.
670 ## - SOURCE DATA FOUND
- Source citation: Work cat.: (ARRUPE)0: Wahrhaftig, Paul. 48436, Rev. James D. McManus :, 2007.